| 000 | 00381 a2200169 4500 | ||
|---|---|---|---|
| 001 | 185526 | ||
| 020 | _a85-322-2598-5 | ||
| 040 | _cMagnum | ||
| 100 | _aReyes, Yolanda/rocha, Ruth | ||
| 240 | 1 | 0 |
_aA pior hora do dia _lpor |
| 245 | 1 | 0 | _aA pior hora do dia |
| 300 | _a29 | ||
| 362 | 0 | _a1999 | |
| 440 | 1 | _aFTD | |
| 697 | _aLITERATURA INFANTO-JUVENIL ESTRANGEIRA | ||
| 942 | _cBK | ||
| 999 |
_c185526 _d185526 |
||